| 000 | 00421nam a2200181Ia 4500 | ||
|---|---|---|---|
| 008 | 231222s2000 xx 000 0 und d | ||
| 041 | _aeng | ||
| 082 | _a615.1/GAU | ||
| 100 | _aDr.Rupesh Gautam | ||
| 245 | _aA Practical Book of Pharmacoogy -III | ||
| 250 | _a2nd April | ||
| 260 |
_bNirali Prakashan _c2000 |
||
| 300 | _a73p | ||
| 365 | _cRS | ||
| 500 | _aBV | ||
| 650 | _aPharmacology | ||
| 906 | _aB.Pharam | ||
| 999 |
_c1007429 _d1007429 |
||